000 00736nam a22002297a 4500
005 20150226112753.0
008 140714b xxu||||| |||| 00| 0 Urdu d
010 _aUR-8688
020 q _c300..00
020 _c9789350734216
035 _aU-7243
037 _bDBAD/Pub.
040 _aDPL
_bUrdu
082 _a841
100 _aا با سی، شبير
245 _a‎چند سخنو ر شہر غز ل کے
_cا با سی، شبير
246 _aChand Sukhanwwar Shehr-e-Ghazal ke
_bBy Shabir Abbasi
260 _aد ھلی
_bEducational Publishing House
_c2014
270 _a3108,Vakeel Street,Kucha Pandit,Lal Kuan
_b.Delhi
_e110006
300 _a352ص
_c22Cm (Hb)
942 _2ddc
_cUR
_e
_h841
_mع ب ا
999 _c91932
_d91932